|
|
|
|
| LEADER |
00000nlm0a2200000 4500 |
| 001 |
649729 |
| 005 |
20231102025653.0 |
| 029 |
1 |
0 |
|a RU
|b 2004786
|c Пат.
|d МПК E 21 B 47/02
|
| 035 |
|
|
|a (RuTPU)RU\TPU\network\14891
|
| 035 |
|
|
|a RU\TPU\network\14889
|
| 039 |
0 |
|
|a RU
|b 04850035
|c 19900710
|
| 090 |
|
|
|a 649729
|
| 100 |
|
|
|a 20160808j19931215k y0rusy50 ca
|
| 101 |
0 |
|
|a rus
|
| 102 |
|
|
|a RU
|
| 105 |
|
|
|a a k 000zy
|
| 135 |
|
|
|a drgn ---uucaa
|
| 181 |
|
0 |
|a i
|
| 182 |
|
0 |
|a b
|
| 200 |
1 |
|
|a Инклинометр
|f Л. Н. Белянин [и др.]
|g Л. Н. Белянин
|
| 203 |
|
|
|a Текст
|c электронный
|
| 300 |
|
|
|a опубл. 15.12.93
|
| 330 |
|
|
|a Изобретение относится к измерению пространственного положения оси буровой скважины, в частности к гироскопическим инклинометрам , способным работать в непрерывном и точечном режимах измерения при движении скважинного прибора в обсаженных и необсаженных скважинах без использования магнитного поля Земли.
|
| 610 |
1 |
|
|a патенты
|
| 610 |
1 |
|
|a труды учёных ТПУ
|
| 610 |
1 |
|
|a электронный ресурс
|
| 610 |
1 |
|
|a изобретения
|
| 610 |
1 |
|
|a инклинометры
|
| 610 |
1 |
|
|a пространственные положения
|
| 610 |
1 |
|
|a оси
|
| 610 |
1 |
|
|a буровые скважины
|
| 701 |
|
1 |
|a Белянин
|b Л. Н.
|c специалист в области точного приборостроения
|c доцент Томского политехнического университета, кандидат технических наук
|c выпускник ТПИ 1967 г.
|f 1944-
|g Лев Николаевич
|2 stltpush
|3 (RuTPU)RU\TPU\pers\26583
|9 12266
|
| 701 |
|
1 |
|a Глазкин
|b О. В.
|g Олег Викторович
|
| 701 |
|
1 |
|a Гурин
|b Л. Б.
|c специалист в области машиностроения
|c доцент Томского политехнического университета, кандидат технических наук
|f 1943-
|g Лев Борисович
|2 stltpush
|3 (RuTPU)RU\TPU\pers\26584
|
| 701 |
|
1 |
|a Мартемьянов
|b В. М.
|c специалист в области приборостроения
|c доцент Томского политехнического университета, кандидат технических наук
|c выпускник Томского политехнического института 1971 г.
|f 1949-
|g Владимир Михайлович
|2 stltpush
|3 (RuTPU)RU\TPU\pers\26586
|
| 701 |
|
1 |
|a Самойлов
|b С. Н.
|g Сергей Николаевич
|
| 702 |
|
1 |
|a Белянин
|b Л. Н.
|c специалист в области точного приборостроения
|c доцент Томского политехнического университета, кандидат технических наук
|c выпускник ТПИ 1967 г.
|f 1944-
|g Лев Николаевич
|2 stltpush
|3 (RuTPU)RU\TPU\pers\26583
|4 260
|9 12266
|
| 801 |
|
1 |
|a RU
|b 63413507
|c 20120201
|
| 801 |
|
2 |
|a RU
|b 63413507
|c 20160808
|g RCR
|
| 856 |
4 |
|
|u http://www1.fips.ru/fips_servl/fips_servlet?DB=RUPAT&rn=4812&DocNumber=2004786&TypeFile=html
|
| 942 |
|
|
|c CF
|